000
00266nam a2200097Ia 4500
008
230907s9999||||xx |||||||||||||| ||und||
082
_a
621.31042
_b
SIV
245
0
_a
Electric Energy-generation, Utilization And Conservation /
260
_a
Pearson,
_c
2012
942
_c
BK
999
_c
599025
_d
599025